Cidades litorâneas do Brasil de A-Z - Statistics

Estatísticas Gerais
  • Esse quiz foi jogado 52 vezes
  • A pontuação média é 12 de 22
Estatísticas das Respostas
Letra Cidades % Correto
A Angra dos Reis +21
93%
S Salvador +31
93%
F Fortaleza +5
89%
R Recife +8
89%
N Natal +5
87%
M Maceió +21
82%
C Cabo Frio +34
80%
J João Pessoa +7
76%
V Vitória +5
76%
B Balneário Camboriú +25
73%
P Porto Seguro +33
73%
G Galinhos +12
67%
I Ilhéus +24
67%
U Ubatuba / Una / Uruçuca
56%
O Oiapoque / Olinda / Osório
40%
L Laguna +5
33%
T Tamandaré +12
33%
E Entre Rios +3
13%
Q Quatipuru / Quissamã
11%
X Xangri-Lá
11%
D Duque de Caxias
4%
H Humberto de Campos
2%
Nenhum quiz correspondente encontrado
Distribuição das Pontuações
Porcentagem de Pessoas com Cada Pontuação
Percentil de Números Respondidos
Sua Pontuação Histórica
Você não jogou esse quiz